[Event "Tourn. n8535"]
[Site "www.chess-mail.com"]
[Date "2016.02.03"]
[Round "1"]
[White "Gunnar"]
[Black "Mrmoto"]
[WhiteElo "1410"]
[BlackElo "1530"]
[Result "1/2-1/2"]
[Round "1"]
1.d4 d5
2.Ng1f3 Ng8f6
3.Bc1f4 Nb8c6
4.e3 Bc8g4
5.Nb1d2 h6
6.h3 Bg4f5
7.Bf1b5 Qd8d7
8.Nf3e5 Qd7c8
9.Bb5xc6 bxc6
10.Ne5xc6 Qc8b7
11.Nc6e5 e6
12.Ra1b1 c5
13.O-O cxd4
14.exd4 Ra8c8
15.Ne5d3 Bf8e7
16.Nd2b3 O-O
17.Nd3c5 Be7xc5
18.Nb3xc5 Qb7c6
19.a3 Nf6e4
20.Nc5xe4 Bf5xe4
21.Rb1c1 f6
22.c3 Qc6b5
23.Qd1d2 g5
24.Bf4g3 a5
25.Rf1e1 Rf8d8
26.f3 Be4h7
27.Qd2e2 { draw }
1/2-1/2

[Event "Tourn. n8489"]
[Site "www.chess-mail.com"]
[Date "2016.02.03"]
[Round "1"]
[White "Expert"]
[Black "Osopanda"]
[WhiteElo "1840"]
[BlackElo "1810"]
[Result "1/2-1/2"]
[Round "1"]
1.d4 Ng8f6
2.c4 g6
3.Nb1c3 Bf8g7
4.e4 d6
5.Bf1e2 c6
6.Bc1e3 Qd8c7
7.h3 O-O
8.Ng1f3 e5
9.d5 Nb8d7
10.O-O Rf8d8
11.Ra1c1 Nd7f8
12.b4 Bc8d7
13.a3 a5
14.Qd1d2 axb4
15.axb4 Nf6h5
16.Rc1a1 f5
17.Be3g5 Rd8e8
18.Ra1xa8 Re8xa8
19.dxc6 Bd7xc6
20.exf5 gxf5
21.Nc3d5 Bc6xd5
22.Qd2xd5 Kh8
23.c5 dxc5
24.Qd5xc5 Qc7xc5
25.bxc5 e4
26.Nf3h2 Nh5f6
27.Bg5f4 Nf8e6
28.Bf4d6 Nf6d7
29.f3 exf3
30.Be2xf3 Ne6xc5
31.Rf1c1 Ra8a1
32.Rc1xa1 Bg7xa1
33.Kf1 b5
34.Bf3c6 b4
35.Bc6xd7 Nc5xd7
36.Bd6xb4 { draw }
1/2-1/2

[Event "Tourn. n8587"]
[Site "www.chess-mail.com"]
[Date "2016.02.03"]
[Round "1"]
[White "Woody"]
[Black "Potemkine"]
[WhiteElo "1499"]
[BlackElo "1499"]
[Result "1-0"]
[Round "1"]
1.c4 e5
2.Nb1c3 Bf8c5
3.Ng1f3 f6
4.e3 Ng8e7
5.d4 exd4
6.exd4 Bc5b4
7.Bf1d3 Bb4xc3
8.bxc3 b6
9.O-O Bc8a6
10.Rf1e1 O-O
11.Bd3e4 c6
12.Qd1d3 b5
13.Be4xh7 Kf7
14.Bc1a3 d6
15.Re1e2 bxc4
16.Qd3e4 d5
17.Qe4e6 Ke8
18.Ba3xe7 { resign }
1-0

[Event "Tourn. n8550"]
[Site "www.chess-mail.com"]
[Date "2016.02.03"]
[Round "1"]
[White "Gatrooper"]
[Black "Cal"]
[WhiteElo "1640"]
[BlackElo "1560"]
[Result "0-1"]
[Round "1"]
1.e4 c5
2.c4 e5
3.d3 h6
4.Ng1f3 Ng8f6
5.h3 Nb8c6
6.Nb1c3 a6
7.a3 b6
8.Nc3d5 d6
9.Nd5xf6 Qd8xf6
10.Qd1e2 Bf8e7
11.Qe2d1 Bc8e6
12.Qd1a4 Be6d7
13.Qa4d1 a5
14.Bc1d2 O-O
15.Qd1e2 a4
16.Bd2c3 Bd7e6
17.b4 Be6d7
18.bxc5 bxc5
19.g4 Ra8b8
20.Bf1g2 Rb8b3
21.Bc3d2 Qf6g6
22.Bd2e3 Rf8b8
23.O-O h5
24.gxh5 Qg6xh5
25.Rf1e1 Rb3b2
26.Be3d2 Nc6d4
27.Nf3xd4 Qh5xe2
28.Re1xe2 g6
29.Kh2 cxd4
30.Ra1e1 Kg7
31.Bg2f3 Rb8h8
32.Kg2 Bd7xh3
33.Kg1 g5
34.Bd2c1 Rb2b3
35.Bf3g2 Rb3xd3
36.f3 g4
37.Bg2xh3 Rh8xh3
38.Re2h2 Rd3xf3
39.Rh2xh3 Rf3xh3
40.Re1e2 Be7h4
41.Re2g2 Rh3c3
42.Rg2xg4 Kf6
43.Rg4xh4 Rc3xc1
44.Kf2 Rc1xc4
45.Ke2 Rc4c3
46.Kd2 Rc3xa3
47.Rh4h6 Ke7
48.Rh6h7 Ra3e3
49.Rh7h8 a3
50.Rh8a8 f6
51.Ra8a7 Ke6
52.Ra7a4 f5
53.exf5 Kxf5
54.Kc2 Re3c3
55.Kd2 Ke4
56.Ra4a6 d5
57.Ra6a4 Rc3b3
58.Ra4a5 d3
59.Ra5a4 d4
60.Ra4a5 Rb3b2
61.Kc1 d2
62.Kd1 a2
63.Ra5a3 d3
64.Ra3a4 Ke3
65.Ra4xa2 Rb2b1
{ resign }
0-1

[Event "Tourn. n8503"]
[Site "www.chess-mail.com"]
[Date "2016.02.03"]
[Round "1"]
[White "Easychess"]
[Black "Gatrooper"]
[WhiteElo "1630"]
[BlackElo "1590"]
[Result "0-1"]
[Round "1"]
1.e4 e5
2.Bf1c4 d6
3.Ng1f3 Bc8e6
4.Bc4xe6 fxe6
5.d4 exd4
6.Nf3xd4 e5
7.Nd4f3 h6
8.Nb1c3 a6
9.Nc3d5 Ng8f6
10.Nd5xf6 Qd8xf6
11.O-O Nb8c6
12.Bc1e3 g5
13.Nf3d2 O-O-O
14.Nd2b3 d5
15.exd5 Nc6e7
16.c4 b6
17.Qd1c2 Qf6d6
18.Rf1d1 Ne7f5
19.Qc2xf5 Kb8
20.c5 bxc5
21.Be3xc5 Qd6d7
22.Qf5xd7 Rd8xd7
23.Ra1c1 Bf8xc5
24.Nb3xc5 Rd7d6
25.Nc5e6 Rh8h7
26.g3 a5
27.Rc1c5 a4
28.Rd1c1 Rd6d7
29.Rc5b5 Kc8
30.Rb5a5 Kb8
31.Ra5xa4 c5
32.Ne6xc5 { time. }
0-1

[Event "Tourn. n8604"]
[Site "www.chess-mail.com"]
[Date "2016.02.03"]
[Round "1"]
[White "Mrfunk"]
[Black "Cal"]
[WhiteElo "1499"]
[BlackElo "1580"]
[Result "1-0"]
[Round "1"]
1.e4 e5
2.Ng1f3 d6
3.d4 exd4
4.Nf3xd4 c5
5.Nd4e2 h6
6.Ne2f4 Ng8f6
7.Nb1c3 Nb8c6
8.Bf1e2 a6
9.Bc1e3 Nc6e5
10.Qd1d2 Bf8e7
11.O-O-O Bc8e6
12.Nf4xe6 fxe6
13.Rh1f1 O-O
14.f4 Ne5g6
15.Be2c4 b5
16.Bc4xe6 Kh8
17.g3 b4
18.Nc3d5 Nf6xe4
19.Qd2d3 Ne4f6
20.Qd3xg6 Nf6xd5
21.Rd1xd5 Rf8f6
22.Qg6g4 Qd8e8
23.f5 Qe8f8
24.Qg4h3 c4
25.g4 a5
26.g5 Rf6xe6
27.fxe6 Qf8g8
28.Be3d4 Be7xg5
29.Rd5xg5 Kh7
30.Rf1f7 Ra8e8
31.Rg5xg7 Qg8xg7
32.Rf7xg7 { resign }
1-0

[Event "Tourn. n8476"]
[Site "www.chess-mail.com"]
[Date "2016.02.03"]
[Round "1"]
[White "Genius9"]
[Black "Iko"]
[WhiteElo "1790"]
[BlackElo "1720"]
[Result "1-0"]
[Round "1"]
1.c4 e5
2.Nb1c3 Nb8c6
3.g3 f5
4.Bf1g2 f4
5.Ng1f3 Nc6a5
6.d3 g5
7.Nf3xe5 d6
8.Ne5f3 Bc8g4
9.O-O Qd8f6
10.Nc3d5 Qf6f7
11.b4 O-O-O
12.bxa5 Bf8g7
13.Qd1b3 Bg7xa1
14.Nf3xg5 Qf7g6
15.Nd5e7 Ng8xe7
16.Qb3xb7 Kd7
17.Bc1xf4 h6
18.Bg2e4 Qg6h5
19.Ng5f3 Ba1f6
20.c5 Qh5xc5
21.Rf1c1 Qc5a3
22.Rc1xc7 Ke6
23.Kg2 Qa3xa5
24.Nf3d4 Kf7
25.Nd4c6 d5
26.Nc6xa5 Bg4xe2
27.Be4xd5 Rd8xd5
28.Qb7xd5 Ke8
29.Qd5d7 Kf7
30.Bf4d6 Rh8e8
31.Na5c6 Be2xd3
32.Nc6xe7 Kf8
33.Rc7c8 Re8xc8
34.Qd7xc8 Kf7
35.Qc8g8 
1-0

[Event "Tourn. n8523"]
[Site "www.chess-mail.com"]
[Date "2016.02.03"]
[Round "1"]
[White "Guidom"]
[Black "Odin"]
[WhiteElo "2040"]
[BlackElo "1840"]
[Result "0-1"]
[Round "1"]
1.e4 e5
2.Ng1f3 d6
3.Bf1c4 h6
4.d4 Bc8g4
5.dxe5 Bg4xf3
6.Qd1xf3 Qd8e7
7.exd6 cxd6
8.O-O Ng8f6
9.Rf1e1 Nb8c6
10.Bc1d2 O-O-O
11.Bc4d5 Nc6e5
12.Qf3c3 Kb8
13.f3 Qe7d7
14.Bd2e3 Rd8c8
15.Qc3b3 Nf6xd5
16.Qb3xd5 Ne5c4
17.Be3d4 Qd7e6
18.Qd5xe6 fxe6
19.Bd4c3 Rh8g8
20.b3 Nc4a3
21.Nb1xa3 Rc8xc3
22.Ra1c1 a6
23.Na3b1 Rc3c8
24.c4 Bf8e7
25.Nb1c3 Be7f6
26.Nc3e2 Rc8c7
27.Ne2f4 Bf6g5
28.Nf4xe6 Bg5xc1
29.Ne6xc7 Bc1d2
30.Re1e2 Bd2b4
31.Nc7d5 Bb4c5
32.Kf1 g5
33.h3 b5
34.Nd5f6 Rg8g7
35.e5 dxe5
36.Re2xe5 Bc5b4
37.Nf6d5 Bb4d6
38.Re5e6 Bd6f4
39.Re6xa6 bxc4
40.bxc4 Rg7b7
41.Nd5xf4 gxf4
42.Ra6xh6 Rb7b1
43.Kf2 Rb1b2
44.Kg1 Rb2xa2
45.Kh2 Ra2c2
46.Rh6f6 Rc2xc4
47.h4 Kc7
48.Kh3 Kd7
49.h5 Ke7
50.Rf6f5 Ke6
51.Rf5g5 Kf6
52.Kg4 Rc4c2
53.Kxf4 Rc2c4
54.Kg3 Kxg5
55.Kh3 Kxh5
56.g3 Rc4d4
57.Kg2 Kg5
58.Kf2 Kf5
59.Ke3 Rd4a4
60.Ke2 Ra4a3
61.Kf2 Ke5
62.Ke2 Kd4
63.g4 Ke5
64.Kf2 Kf4
65.g5 Ra3xf3
66.Ke2 Rf3g3
67.Kf2 Rg3xg5
68.Ke2 Ke4
69.Kf2 Rg5f5
70.Ke2 Rf5a5
71.Kd2 Kd4
72.Kc2 Kc4
73.Kb2 Ra5h5
74.Ka3 Kc3
75.Ka2 Kc2
76.Ka3 Kc3
77.Ka2 Rh5a5
78.Kb1 Ra5a3
79.Kc1 Ra3a1
{ resign }
0-1

[Event "Tourn. n8582"]
[Site "www.chess-mail.com"]
[Date "2016.02.03"]
[Round "1"]
[White "Masteratches"]
[Black "Glenno"]
[WhiteElo "2480"]
[BlackElo "2400"]
[Result "1-0"]
[Round "1"]
1.d4 Ng8f6
2.c4 e6
3.Nb1c3 Bf8b4
4.e3 O-O
5.Ng1e2 d5
6.a3 Bc8d7
7.axb4 dxc4
8.Ne2f4 b5
9.b3 Qd8e7
10.bxc4 Qe7xb4
11.Qd1d2 c6
12.Bc1a3 Qb4a5
13.Qd2b2 Rf8e8
14.Ba3e7 Qa5b6
15.Be7xf6 gxf6
16.Nc3e4 f5
17.Ne4f6 Kf8
18.d5 Re8d8
19.d6 Qb6a6
20.Nf6g4 e5
21.Qb2xe5 Qa6xa1
22.Qe5xa1 Kg8
23.Ng4h6 Kf8
24.Qa1h8 
1-0

[Event "Match"]
[Site "www.echecsemail.com"]
[Date "2016.02.03"]
[Round "1"]
[White "Tonino1"]
[Black "Jpjohnston"]
[WhiteElo "2070"]
[BlackElo "2080"]
[Result "1-0"]
[Round "1"]
1.d4 d5
2.Ng1f3 Bc8f5
3.e3 e6
4.Bf1d3 Bf5xd3
5.cxd3 Bf8b4
6.Nb1c3 Ng8f6
7.O-O Bb4xc3
8.bxc3 O-O
9.Nf3e5 Nb8d7
10.f4 Rf8e8
11.g4 Nd7xe5
12.fxe5 Nf6d7
13.Qd1f3 Re8f8
14.e4 f6
15.Bc1a3 Rf8f7
16.exd5 Nd7f8
17.Ba3xf8 Rf7xf8
18.dxe6 fxe5
19.Qf3e4 Qd8d6
20.d5 c6
21.c4 cxd5
22.Qe4xd5 Qd6e7
23.Qd5xe5 Rf8e8
24.Ra1e1 Ra8c8
25.Rf1f7 Qe7xf7
26.exf7 Kxf7
27.Qe5d5 { resign }
1-0

[Event "Match"]
[Site "www.echecsemail.com"]
[Date "2016.02.03"]
[Round "1"]
[White "Ikke"]
[Black "Jean"]
[WhiteElo "1000"]
[BlackElo "1000"]
[Result "1-0"]
[Round "1"]
1.e3 e6
2.g3 b6
3.Bf1g2 Bc8a6
4.b3 g6
5.Bg2xa8 c6
6.Ng1f3 c5
7.d3 Qd8e7
8.Bc1b2 f6
9.Ba8e4 Qe7d8
10.c4 e5
11.d4  { time }
1-0

[Event "Match"]
[Site "www.echecsemail.com"]
[Date "2016.02.03"]
[Round "1"]
[White "Raulazo"]
[Black "Norwich"]
[WhiteElo "1860"]
[BlackElo "1630"]
[Result "1-0"]
[Round "1"]
1.e4 e6
2.d4 d5
3.e5 c5
4.Ng1f3 Nb8c6
5.Bf1b5 Qd8b6
6.Bb5xc6 bxc6
7.O-O Bc8a6
8.Rf1e1 cxd4
9.Nf3xd4 c5
10.Nd4f3 Ng8e7
11.Nf3g5 Ne7g6
12.Qd1f3 Qb6c7
13.a4 h6
14.Ng5h3 Bf8e7
15.Bc1f4 O-O
16.Nb1d2 Ng6xf4
17.Nh3xf4 Be7g5
18.Nd2b3 Ra8b8
19.Nf4h5 c4
20.Nb3d4 Rb8xb2
21.Qf3g3 g6
22.Nh5f4 Bg5xf4
23.Qg3xf4 Qc7e7
24.Qf4xh6 Qe7c5
25.Nd4f3 Rf8c8
26.Nf3g5 Qc5f8
27.Qh6h7 { resign }
1-0

[Event "Match"]
[Site "www.echecsemail.com"]
[Date "2016.02.03"]
[Round "1"]
[White "Aggiesam"]
[Black "Chessexpert"]
[WhiteElo "1470"]
[BlackElo "1480"]
[Result "0-1"]
[Round "1"]
1.e4 Ng8f6
2.Nb1c3 e5
3.Ng1f3 Nb8c6
4.Bf1c4 Bf8e7
5.O-O d6
6.Nf3h4 O-O
7.d3 Nf6xe4
8.Nc3xe4 Be7xh4
9.Qd1f3 Nc6d4
10.Qf3e3 d5
11.c3 dxc4
12.dxc4 Nd4c2
13.Qe3d2 Nc2xa1
14.Qd2xd8 Rf8xd8
15.Bc1e3 Na1c2
{ resign }
0-1

[Event "Match"]
[Site "www.echecsemail.com"]
[Date "2016.02.03"]
[Round "1"]
[White "Krystek23"]
[Black "Liencam2"]
[WhiteElo "2140"]
[BlackElo "2350"]
[Result "1-0"]
[Round "1"]
1.c4 e5
2.Nb1c3 Nb8c6
3.Ng1f3 f5
4.d3 Ng8f6
5.g3 Bf8b4
6.Bf1g2 Bb4xc3
7.bxc3 d6
8.Bc1g5 O-O
9.Qd1c2 Qd8e8
10.O-O Qe8g6
11.Qc2d2 f4
12.Bg5xf6 Rf8xf6
13.Ra1b1 Qg6e8
14.Rf1e1 Ra8b8
15.Nf3h4 Bc8d7
16.e3 Qe8f7
17.Bg2d5 Bd7e6
18.Bd5xc6 fxg3
19.hxg3 Rb8f8
20.Bc6d5 Be6xd5
21.cxd5 Rf6xf2
22.Re1e2 Rf2f1
23.Rb1xf1 Qf7xf1
24.Kh2 g5
25.Nh4g2 Qf1f7
26.e4 Qf7h5
27.Kg1 Rf8f6
28.Ng2e3 Rf6h6
29.Re2h2 Qh5g6
30.Ne3f5 Rh6xh2
31.Kxh2 Qg6h5
32.Kg2 Kf7
33.Qd2f2 Kg6
34.Nf5e3 Kg7
35.g4 Qh5e8
36.Ne3f5 Kg6
37.Qf2xa7 Qe8b5
38.Qa7b8 Qb5b2
39.Kf3 { resign }
1-0

[Event "1/2 Finale"]
[Site "www.chess-mail.com"]
[Date "2016.02.03"]
[Round "1"]
[White "Hwj"]
[Black "Maxiboi"]
[WhiteElo "2810"]
[BlackElo "2870"]
[Result "1/2-1/2"]
[Round "1"]
1.e4 c5
2.Ng1f3 e6
3.Nb1c3 a6
4.d4 cxd4
5.Nf3xd4 b5
6.Bf1d3 Ng8e7
7.O-O Ne7c6
8.Nc3e2 Nc6e5
9.a4 b4
10.f4 Ne5xd3
11.cxd3 Bf8e7
12.Bc1e3 O-O
13.Rf1f2 Bc8b7
14.Ne2g3 f6
15.Nd4b3 Nb8c6
16.Ra1c1 f5
17.Rf2c2 Rf8f7
18.Nb3c5 Be7xc5
19.Rc2xc5 Qd8e8
20.Qd1d2 d6
21.Rc5c2 a5
22.Qd2d1 h6
23.h3 Nc6e7
24.Kh2 Ra8a6
25.Be3d4 Qe8b8
26.exf5 e5
27.Bd4e3 Ne7d5
28.Qd1f3 b3
29.Rc2f2 Nd5xf4
30.Qf3d1 Nf4d5
31.Be3d2 Bb7c6
32.Ng3h5 Nd5f6
33.Nh5xf6 Rf7xf6
34.Qd1e2 Qb8b7
35.d4 exd4
36.Rf2f4 Bc6d7
37.g4 Ra6c6
38.Rc1xc6 Qb7xc6
39.Qe2d3 Qc6c2
40.Qd3xd4 Rf6f7
41.Kg3 Bd7xa4
42.f6 g5
43.Rf4f2 Qc2c6
44.Bd2xa5 Ba4b5
45.Ba5c3 Qc6c5
46.Qd4d2 Rf7c7
47.Bc3d4 Qc5d5
48.Rf2f5 Qd5c4
49.h4 Qc4c2
50.Bd4e3 Qc2xd2
51.Be3xd2 gxh4
52.Kxh4 Bb5e8
53.Rf5d5 Rc7c6
54.Bd2xh6 Rc6c2
55.Rd5xd6 Rc2xb2
56.Rd6b6 Kf7
57.Kg5 Be8d7
58.Bh6g7 Rb2g2
59.Rb6xb3 Rg2xg4
{ draw }
1/2-1/2

[Event "1/8 Finale"]
[Site "www.chess-mail.com"]
[Date "2016.02.03"]
[Round "1"]
[White "Pgcbies"]
[Black "Seger"]
[WhiteElo "2660"]
[BlackElo "2730"]
[Result "1/2-1/2"]
[Round "1"]
1.e4 Nb8c6
2.d4 d5
3.Nb1c3 dxe4
4.d5 Nc6b8
5.Nc3xe4 c6
6.Bf1c4 cxd5
7.Qd1xd5 Qd8xd5
8.Bc4xd5 e6
9.Bd5c4 Bc8d7
10.Bc1e3 Bd7c6
11.f3 Nb8d7
12.O-O-O b5
13.Ne4d6 Bf8xd6
14.Rd1xd6 Ng8e7
15.Bc4d3 Nd7e5
16.Ng1e2 Ne7d5
17.Be3c5 Ra8c8
18.Rh1d1 a5
19.Ne2d4 Bc6d7
20.Bc5b6 Nd5e3
21.Nd4c6 Rc8xc6
22.Rd6xc6 Ne3xd1
23.Rc6c7 Ne5xd3
24.cxd3 Nd1xb2
25.Kxb2 e5
26.Bb6xa5 Ke7
27.Ba5b4 { draw }
1/2-1/2

[Event "1/64 Finale"]
[Site "www.chess-mail.com"]
[Date "2016.02.03"]
[Round "1"]
[White "Snoopy"]
[Black "Knightjumper"]
[WhiteElo "2289"]
[BlackElo "1670"]
[Result "1-0"]
[Round "1"]
1.b3 c5
2.Bc1b2 d5
3.e3 Ng8f6
4.Ng1f3 a6
5.c4 e6
6.Nf3e5 Bf8d6
7.Ne5g4 Bd6e7
8.Qd1f3 O-O
9.Ng4xf6 Be7xf6
10.Bb2xf6 Qd8xf6
11.Qf3xf6  { time }
1-0

[Event "Eq:Royal chess-La Taverne : "]
[Site "www.chess-mail.com"]
[Date "2016.02.03"]
[Round "1"]
[White "Krystek23"]
[Black "Emmanuel69"]
[WhiteElo "2130"]
[BlackElo "1990"]
[Result "1-0"]
[Round "1"]
1.c4 c5
2.Nb1c3 Nb8c6
3.e3 Ng8f6
4.Ng1f3 d6
5.d4 cxd4
6.exd4 g6
7.Bf1e2 Bf8g7
8.d5 Nc6b8
9.Bc1e3 O-O
10.h3 Nb8d7
11.O-O Rf8e8
12.Be3d4 b6
13.Qd1d2 Bc8a6
14.Bd4e3 Ra8c8
15.Nf3d4 Nd7e5
16.b3 Ba6b7
17.Be3f4 Ne5d7
18.Rf1e1 Nd7c5
19.Ra1d1 Nc5e4
20.Nc3xe4 Nf6xe4
21.Qd2e3 Ne4f6
22.Qe3d3 Rc8c7
23.Be2f3 h6
24.Qd3d2 Kh7
25.Nd4b5 Rc7c8
26.Nb5xa7 Rc8a8
27.Na7b5 Qd8d7
28.a4 Bb7a6
29.Nb5d4 Ba6b7
30.Re1e2 Nf6g8
31.Bf3e4 Ng8f6
32.Be4b1 Nf6h5
33.Bf4h2 Bg7xd4
34.Qd2xd4 Nh5g7
35.Qd4xb6 Ra8a6
36.Qb6e3 Ng7f5
37.Qe3f4 Ra6b6
38.g4 Nf5g7
39.Qf4xf7 { resign }
1-0

[Event "Fast Game"]
[Site "www.echecsemail.com"]
[Date "2016.02.03"]
[Round "1"]
[White "Maredocla"]
[Black "Fkarpov"]
[WhiteElo "1900"]
[BlackElo "1950"]
[Result "0-1"]
[Round "1"]
1.d4 Ng8f6
2.Bc1g5 e6
3.e3 Bf8b4
4.c3 Bb4e7
5.Ng1f3 d6
6.Bf1e2 Nf6d5
7.Bg5xe7 Nd5xe7
8.O-O Nb8c6
9.Nb1d2 e5
10.Be2b5 Bc8d7
11.Nd2b3 a6
12.Bb5xc6 Bd7xc6
13.dxe5 Bc6xf3
14.Qd1xf3 dxe5
15.Qf3xb7 Qd8b8
16.Qb7e4 f6
17.Qe4a4 c6
18.Qa4c4 Qb8b5
19.Qc4g4 g6
20.Qg4e6 f5
21.c4 Qb5b8
22.Rf1d1 Ra8a7
23.Ra1b1 a5
24.Nb3c5 Qb8c8
25.Qe6xe5 Rh8f8
26.Rd1d6 Rf8f7
27.Rb1d1 Ra7a8
28.Qe5h8 Rf7f8
29.Rd6f6 Rf8xh8
30.Nc5e6 Rh8g8
31.Rd1d4 Qc8b8
32.f4 Qb8b7
33.Rd4d6 Ra8c8
34.h3 Qb7xb2
35.Ne6d4 Qb2c1
36.Kh2 Qc1xe3
37.Rf6e6 Qe3xf4
38.Kg1 Qf4c1
39.Kh2 Qc1xc4
40.Nd4b3 Rc8b8
41.Rd6xc6 Qc4f4
42.Kg1 a4
{ resign }
0-1

[Event "Tourn. n8578"]
[Site "www.chess-mail.com"]
[Date "2016.02.04"]
[Round "1"]
[White "Falcoale"]
[Black "Elogic"]
[WhiteElo "1710"]
[BlackElo "1669"]
[Result "0-1"]
[Round "1"]
1.e4 e5
2.Ng1f3 d6
3.h3 Nb8d7
4.b3 b6
5.Bc1b2 Ng8f6
6.d3 Bc8b7
7.Bf1e2 g6
8.O-O Bf8g7
9.Nf3h2 c5
10.f4 exf4
11.Rf1xf4 O-O
 { time }
0-1

[Event "Tourn. n8499"]
[Site "www.chess-mail.com"]
[Date "2016.02.04"]
[Round "1"]
[White "Norlavuaram"]
[Black "Maredocla"]
[WhiteElo "2260"]
[BlackElo "2080"]
[Result "0-1"]
[Round "1"]
1.e4 e5
2.Ng1f3 Nb8c6
3.Bf1b5 Ng8e7
4.c3 g6
5.O-O a6
6.Bb5a4 Bf8g7
7.d4 b5
8.Ba4b3 O-O
9.d5 Nc6a5
10.Bb3c2 d6
11.h3 Bc8d7
12.Nb1d2 Qd8c8
13.Nf3h2 Na5b7
14.f4 exf4
15.Rf1xf4 Bg7e5
16.Rf4f1 Bd7xh3
17.gxh3 Qc8xh3
18.Qd1e2 f5
19.Rf1f3 Be5xh2
20.Qe2xh2 Qh3xh2
21.Kxh2 fxe4
22.Rf3xf8 Kxf8
23.Bc2xe4 Nb7c5
24.Be4g2 Nc5d3
25.Nd2e4 Ne7f5
26.b3 Kf7
27.Bc1d2 Ra8e8
28.Ne4g5 Kg8
29.Ng5e6 Re8e7
30.Bg2e4 Nd3c5
31.Be4xf5 gxf5
32.Ra1g1 Kh8
33.Bd2g5 Re7f7
34.Ne6xc5 dxc5
35.Bg5f4 Rf7d7
36.c4 Rd7e7
37.Rg1g2 Re7e4
38.Kg3 Kg7
39.Kf3 Kf7
40.Rg2e2 bxc4
41.bxc4 Re4xc4
42.Bf4xc7 Rc4d4
43.d6 h5
44.Re2h2 Kg6
45.Rh2c2 c4
46.Ke2 f4
47.Rc2d2 f3
48.Ke3 Rd4xd2
49.Kxd2 c3
50.Ke1 c2
{ resign }
0-1

[Event "Tourn. n8570"]
[Site "www.chess-mail.com"]
[Date "2016.02.04"]
[Round "1"]
[White "Bigrezi"]
[Black "Falcoale"]
[WhiteElo "1760"]
[BlackElo "1680"]
[Result "1-0"]
[Round "1"]
1.e4 c5
2.Ng1f3 e6
3.d4 cxd4
4.Nf3xd4 Nb8c6
5.Bc1e3 Ng8f6
6.Nb1c3 a6
7.a3 Bf8e7
8.Bf1c4 O-O
9.O-O b5
10.Bc4a2 Bc8b7
11.f3  { time }
1-0

[Event "Tourn. n8591"]
[Site "www.chess-mail.com"]
[Date "2016.02.04"]
[Round "1"]
[White "Falcoale"]
[Black "Caspito"]
[WhiteElo "1710"]
[BlackElo "1700"]
[Result "0-1"]
[Round "1"]
1.e4 e5
2.Ng1f3 Nb8c6
3.Bf1c4 Qd8f6
4.d3 Bf8c5
5.O-O d6
6.a3 Bc8g4
7.Nb1d2 Ng8h6
8.h3 Bg4xh3
 { time }
0-1

[Event "Tourn. n8539"]
[Site "www.chess-mail.com"]
[Date "2016.02.04"]
[Round "1"]
[White "Ffdd65"]
[Black "Andychesston"]
[WhiteElo "2210"]
[BlackElo "2030"]
[Result "1-0"]
[Round "1"]
1.e4 e5
2.d4 exd4
3.Qd1xd4 Nb8c6
4.Qd4e3 b6
5.Bf1d3 Bf8c5
6.Qe3f4 g5
7.Qf4xg5 Qd8xg5
8.Bc1xg5 h6
9.Bg5f4 d6
10.c3 Bc8b7
11.b4 Bc5xb4
12.cxb4 Nc6xb4
13.Ke2 O-O-O
14.a3 Nb4c6
15.Ng1f3 Ng8f6
16.Nb1d2 h5
17.Bf4g5 Rd8e8
18.Bg5xf6 Rh8h6
19.Bf6c3 f5
20.Rh1e1 d5
21.e5 Kb8
22.Bd3xf5 d4
23.Bc3xd4 Nc6xd4
24.Nf3xd4 Re8xe5
25.Kf1 Re5xe1
26.Ra1xe1 c5
27.Re1e8 Kc7
28.Nd4b5 Kc6
29.Nb5xa7 Kc7
30.Na7b5 Kc6
31.a4 Rh6f6
32.Re8e6 Rf6xe6
33.Bf5xe6 Bb7a6
34.Be6c4 Ba6xb5
35.Bc4xb5 Kd5
36.Nd2c4 Kd4
37.Nc4xb6 Kc3
38.f4 { resign }
1-0

[Event "Tourn. n8570"]
[Site "www.chess-mail.com"]
[Date "2016.02.04"]
[Round "1"]
[White "Gatrooper"]
[Black "Falcoale"]
[WhiteElo "1690"]
[BlackElo "1680"]
[Result "1-0"]
[Round "1"]
1.e4 c5
2.c4 Nb8c6
3.Ng1f3 e6
4.a3 b6
5.h3 Bc8b7
6.Nb1c3 Ng8f6
7.e5 Nf6g8
8.d3 a6
9.Bc1g5 Bf8e7
10.Bg5e3 f6
11.exf6 Ng8xf6
12.Be3g5 O-O
13.Bg5xf6 Be7xf6
{ time. }
1-0

[Event "Tourn. n8539"]
[Site "www.chess-mail.com"]
[Date "2016.02.04"]
[Round "1"]
[White "Norlavuaram"]
[Black "Amaya"]
[WhiteElo "2150"]
[BlackElo "2060"]
[Result "1/2-1/2"]
[Round "1"]
1.e4 c5
2.Ng1f3 d6
3.Bf1b5 Nb8c6
4.O-O g6
5.c3 Bf8g7
6.d4 cxd4
7.cxd4 Bc8d7
8.Nb1c3 Ng8f6
9.h3 O-O
10.Bc1g5 h6
11.Bg5e3 Ra8c8
12.Ra1c1 Nc6b4
13.Bb5xd7 Qd8xd7
14.a3 Nb4a6
15.e5 dxe5
16.dxe5 Qd7xd1
17.Rf1xd1 Nf6h7
18.Be3xa7 Nh7g5
19.Nf3xg5 hxg5
20.Ba7e3 Bg7xe5
21.Be3d4 Be5xd4
22.Rd1xd4 Na6c7
23.Rd4d7 e6
24.Rc1d1 b6
25.Nc3e4 Nc7d5
26.Ne4xg5 Rc8c2
27.b4 Nd5f4
28.Rd1d2 Rc2xd2
29.Rd7xd2 Nf4d5
30.Ng5f3 Rf8c8
31.Nf3e5 Kg7
32.Rd2d3 f6
33.Ne5f3 Kh6
34.Nf3d4 e5
35.Nd4f5 gxf5
36.Rd3xd5 Rc8c1
37.Kh2 Rc1a1
38.Rd5b5 Ra1xa3
39.Rb5xb6 Kg6
40.b5 Ra3b3
41.Rb6b8 Kg7
42.b6 f4
43.Rb8b7 { draw }
1/2-1/2

[Event "Tourn. n8583"]
[Site "www.chess-mail.com"]
[Date "2016.02.04"]
[Round "1"]
[White "Louis"]
[Black "Hundegana"]
[WhiteElo "1860"]
[BlackElo "1900"]
[Result "0-1"]
[Round "1"]
1.d4 d5
2.c4 dxc4
3.e4 b5
4.a4 c6
5.Nb1c3 Qd8b6
6.axb5 cxb5
7.Nc3d5 Qb6c6
8.Bc1f4 e5
9.Bf4xe5 f6
10.Be5g3 Bf8d6
11.Bg3xd6 Qc6xd6
12.Nd5c3 Bc8e6
13.Qd1h5 g6
14.Qh5xb5 Nb8d7
15.Ra1a6 Qd6e7
16.Bf1xc4 Be6xc4
17.Qb5xc4 Ng8h6
18.Ra6e6 Nh6g8
19.Nc3d5 Qe7xe6
20.Nd5c7 Kd8
21.Nc7xe6 Ke7
22.d5 Ng8h6
23.Qc4b4 Kf7
24.Qb4d6 Nd7b6
25.Qd6c7 Ke8
26.d6 Nh6f7
{ resign }
0-1

[Event "Tourn. n8593"]
[Site "www.chess-mail.com"]
[Date "2016.02.04"]
[Round "1"]
[White "Amaya"]
[Black "Julian"]
[WhiteElo "2040"]
[BlackElo "2030"]
[Result "1-0"]
[Round "1"]
1.d4 Ng8f6
2.e3 d5
3.Bf1d3 g6
4.f4 Bf8g7
5.Nb1d2 O-O
6.Ng1f3 Nb8d7
7.O-O c5
8.c3 h6
9.Nf3e5 Kh7
10.Qd1f3 Nf6g8
11.Qf3g3 Nd7xe5
12.fxe5 f5
13.exf6 Ng8xf6
14.Qg3xg6 Kg8
15.e4 dxe4
16.Nd2xe4 Nf6xe4
17.Rf1xf8 Qd8xf8
18.Bd3xe4 Qf8f6
19.Qg6h7 Kf7
20.Bc1e3 Ke8
21.Ra1f1 { resign }
1-0

[Event "Tourn. n8471"]
[Site "www.chess-mail.com"]
[Date "2016.02.04"]
[Round "1"]
[White "Jpmartinez"]
[Black "Nimzo"]
[WhiteElo "2460"]
[BlackElo "2840"]
[Result "1/2-1/2"]
[Round "1"]
1.e4 c5
2.Ng1f3 e6
3.g3 d5
4.exd5 exd5
5.d4 Ng8f6
6.Bf1g2 Bf8e7
7.O-O O-O
8.Nb1c3 Nb8c6
9.dxc5 Be7xc5
10.a3 Bc8g4
11.h3 Bg4e6
12.b4 Bc5e7
13.Nf3g5 Be6f5
14.Bc1b2 Nf6e8
15.f4 Ne8c7
16.g4 Be7xg5
17.Nc3xd5 Bf5xc2
18.Qd1xc2 Nc7xd5
19.fxg5 Qd8xg5
20.Ra1e1 Ra8e8
21.Re1xe8 Rf8xe8
22.Qc2f2 Nd5f6
23.Bb2xf6 Qg5xf6
24.Qf2xf6 gxf6
25.Rf1xf6 Re8e3
26.Rf6f3 Re3e7
27.Rf3c3 Nc6e5
28.Kf2 Kg7
29.Kg3 b6
30.Bg2d5 { draw }
1/2-1/2

[Event "Tourn. n8583"]
[Site "www.chess-mail.com"]
[Date "2016.02.04"]
[Round "1"]
[White "Maredocla"]
[Black "Osopanda"]
[WhiteElo "2070"]
[BlackElo "1980"]
[Result "1-0"]
[Round "1"]
1.d4 d5
2.c4 c6
3.c5 Ng8f6
4.Nb1c3 g6
5.Bc1g5 Bf8g7
6.Qd1d2 h6
7.Bg5f4 Nb8d7
8.h3 Nf6h5
9.Bf4h2 O-O
10.e3 e5
11.Bf1e2 exd4
12.Be2xh5 gxh5
13.exd4 Rf8e8
14.Ng1e2 Qd8h4
15.O-O Nd7f6
16.Bh2f4 Nf6e4
17.Nc3xe4 Re8xe4
18.Ne2g3 Re4xf4
19.Ra1e1 Bc8e6
20.Ng3xh5 Bg7xd4
21.Nh5xf4 Bd4xc5
22.Nf4xe6 fxe6
23.Re1xe6 Ra8f8
24.Re6g6 Kf7
25.Rg6xh6 Qh4e4
26.Rf1e1 Qe4f5
27.Rh6h4 Kg8
28.Rh4g4 Qf5xg4
29.hxg4 Bc5xf2
30.Qd2xf2 Rf8xf2
31.Kxf2 { resign }
1-0

[Event "Tourn. n8559"]
[Site "www.chess-mail.com"]
[Date "2016.02.04"]
[Round "1"]
[White "Falcoale"]
[Black "Chesspower"]
[WhiteElo "1700"]
[BlackElo "1720"]
[Result "0-1"]
[Round "1"]
1.e4 e5
2.Ng1f3 Nb8c6
3.d4 exd4
4.Nf3xd4 Bf8c5
5.Nd4xc6 Qd8f6
6.Qd1e2 dxc6
7.c3 Bc8g4
8.Qe2xg4 Qf6xf2
9.Kd1 Ra8d8
10.Bc1d2 Ng8f6
11.Qg4e2 O-O
 { time }
0-1

[Event "Tourn. n8574"]
[Site "www.chess-mail.com"]
[Date "2016.02.04"]
[Round "1"]
[White "Passaroa25"]
[Black "Falcoale"]
[WhiteElo "1560"]
[BlackElo "1670"]
[Result "1-0"]
[Round "1"]
1.e4 c5
2.Ng1e2 e6
3.Ne2g3 Nb8c6
4.c3 Ng8f6
5.f3 Bf8e7
6.d3 d5
7.Bc1e3 O-O
8.Be3d2 b6
9.Bf1e2 Bc8b7
10.O-O Be7d6
11.Bd2e3 d4
{ time. }
1-0

[Event "Tourn. n8600"]
[Site "www.chess-mail.com"]
[Date "2016.02.04"]
[Round "1"]
[White "Guidom"]
[Black "Bojan"]
[WhiteElo "2090"]
[BlackElo "2040"]
[Result "1-0"]
[Round "1"]
1.e4 g6
2.d4 Bf8g7
3.f4 d6
4.c3 d5
5.e5 f6
6.Ng1f3 e6
7.Bf1d3 Ng8e7
8.O-O Ne7f5
9.Bd3xf5 gxf5
10.exf6 Bg7xf6
11.Nf3e5 h5
12.Nb1d2 Rh8h6
13.Nd2f3 Qd8e7
14.Rf1e1 a6
15.c4 c6
16.cxd5 cxd5
17.Bc1d2 b5
18.Qd1c2 Bc8b7
19.a3 a5
20.Ne5d3 Nb8c6
21.Nd3e5 Ra8c8
22.Qc2d3 Bb7a6
23.Ne5xc6 Rc8xc6
24.Nf3e5 Bf6xe5
25.fxe5 Rh6g6
26.Qd3h3 Qe7g7
27.Ra1c1 Rc6xc1
28.Re1xc1 b4
29.axb4 axb4
30.Qh3xh5 Kd7
31.Qh5f3 b3
32.g3 Ba6c4
33.Bd2f4 Qg7f8
34.Rc1a1 Kc6
35.Qf3c3 Qf8b8
36.Qc3a5 Rg6g8
37.Qa5c5 Kd7
38.Ra1a7 Qb8xa7
39.Qc5xa7 Kc6
40.Qa7c5 Kb7
41.Qc5e7 Kb8
42.Qe7xe6 Rg8c8
43.Qe6xf5 { resign }
1-0